000 00243nam a22001097a 4500
040 _cSY
082 _a627
100 _aសួស ចំណាន
245 _aការស្រោចស្រព
260 _aRUA
_bសួស
_c2010
942 _cKB
999 _c9901
_d9901